00310nam a2200109 a 450000500170000000800410001705000180005810000210007624500260009726000340012350000430015720140414131857.0100826s19uu xx 00 eng d aFILbK13 1985 aAngeles, Alberta aAng kamatis ni Peles. aPhilippines :bAdarna,c1985. aIllustrator's Prize 1984 (Grand Prize)